000 01144nam a2200289Ia 4500
001 B4533
003 IT-RoPAU
008 130308s9999 xx 000 0 und d
040 _aIT-RoPAU
040 _cIT-RoPAU
041 _aITALIANO
100 _aCorgnali Duilio
100 _gCodice Aut. SPICS: 38368
245 _a"Identikit di un lettore ""non qualunque"""
245 _bInformazione e Territorio-I venticinque Anni della federazione Italiana settimanali Cattolici
250 _a1a ed.
260 _aROMA
260 _bFederaz. Ital. Settim. Cattolici
260 _c1992 [1° Ed.:1992 - Ed.Ling.Originale:1992]
300 _a"17 p. (prefazione: no ; testo: 17 [pagine: 249-265])"
500 _aStampa di Identità e di Identificazione. Dati Anagrafici dei Nostri Lettori. Quale preparazione Culturale? Identità Ecclesiale. identikit di un cattolico Italiano Impegnato. Cosa Chiedono I Lettori al settimanale Cattolico. voce della Comunità Diocesana. Come Fare Meglio un settimanale Locale.
650 _aGENERI DI STAMPA DI MASSA
650 _eCodice materia Spics: 6660
942 _cBK
957 _71
999 _c82788
_d82788
999 _g1